| 000 | 01213cam a2200241 i 4500 | ||
|---|---|---|---|
| 003 | SA-RiAUC | ||
| 005 | 20250308132723.0 | ||
| 008 | 250308q19001999mr g f000 0 ara c | ||
| 040 |
_aSA-MaMIU _bara _cSA-RiAUC _erda |
||
| 082 | 0 | 4 | _a227 |
| 090 |
_a227 _b د ر و |
||
| 245 | 0 | 2 |
_aالدروس الحسنية : _bنص المحاضرات التي ألقيت في التفسير والحديث بحضرة صاحب الجلالة والمهابة الملك المعظم أمير المؤمنين مولانا الحسن الثاني نصره الله وأيده بمناسبة شهر رمضان المبارك عام 1394 هجري. |
| 264 | 1 |
_aالرباط : _bوزارة الأوقاف والشؤون الإسلامية، مديرية الشؤون الإسلامية، _c[بين 1900 و1999] |
|
| 300 |
_aمجلد؛ _c24 × 17 سم |
||
| 336 |
_aنص _btxt _2rdacontent _3كتاب |
||
| 337 |
_aبدون وسيط _bn _2rdamedia |
||
| 338 |
_aمجلد _bnc _2rdacarrier |
||
| 630 | 2 | 7 |
_aالقرآن _xتفسير _vمقالات ومحاضرات _2aucut |
| 650 | 7 |
_aالحديث _vمقالات ومحاضرات _2aucsh |
|
| 730 | 2 | 2 | _aالقرآن |
| 942 |
_2ddc _cBOOK _n0 |
||
| 949 |
_aSA-JeALM _d250308 _ueid123 _n1 |
||
| 999 |
_c6310 _d6310 |
||